00661nam a2200193 a 450000500170000000800410001705000230005810000280008124500650010925000120017426000590018630000300024552100070027565000200028265000210030294200170032399900170034095201100035720140310183318.0060104s19uu xx 00 eng d aZ 52.4b.C932 2004 aCrisostomo, Conchita C. aWord processing for kids. Level 4 /cConchita C. Crisostomo. a3rd ed. b3K-IT Educational Services,c2004.aLas Piñas City ; a126 p. :bill. ;c28 cm.  aIT aMicrosoft word. aWord processing. cBK2lcckLOC c21331d21331 00102lcc40aCLbCLcGCd2010-07-13l0oZ 52.4 .C932 2004pC6612r2018-05-15 00:00:00t1w2013-10-10yBK